[Event "Cto Aragón Equipos Pref Gr II"]
[Site "Aragon"]
[Date "2015.02.28"]
[Round "6.69"]
[White "Turon Perez, David"]
[Black "Planas Torrea, Francisco Javie"]
[Result "1/2-1/2"]
[WhiteElo "1932"]
[BlackElo "2032"]
[PlyCount "136"]
[EventDate "2015.01.24"]
[WhiteTeam "Tauste B"]
[BlackTeam "Ejea"]

1. d4 Nf6 2. c4 g6 3. Nc3 Bg7 4. Nf3 d6 5. Bf4 O-O 6. e3 a6 7. Be2 Re8 8. O-O
Nbd7 9. h3 c5 10. Rc1 b5 11. cxb5 axb5 12. Bxb5 Ba6 13. Bxa6 Rxa6 14. b3 Qb6
15. Na4 Qb5 16. Nc3 Qb7 17. d5 Qb4 18. Qd3 Rea8 19. e4 Nh5 20. Bd2 Ne5 21. Nxe5
Bxe5 22. Nb5 c4 23. bxc4 Qc5 24. Be3 Qc8 25. a3 Nf4 26. Bxf4 Bxf4 27. Rc2 Qd7
28. Ra1 Ra4 29. Rb1 g5 30. Rb3 Be5 31. Ra2 Qc8 32. Rc2 Qc5 33. Qe3 h6 34. Qxc5
dxc5 35. g3 Kg7 36. Kg2 Kg6 37. Rd3 h5 38. Rf3 R8a6 39. Rf5 f6 40. f4 Bb8 41.
d6 Bxd6 42. Nxd6 exd6 43. fxg5 fxg5 44. Rcf2 Rxa3 45. Rf6+ Kg7 46. Rf7+ Kg8 47.
R7f5 g4 48. hxg4 hxg4 49. Rg5+ Kh8 50. Rxg4 Ra2 51. Rgf4 Rxf2+ 52. Rxf2 Kg7 53.
Kf3 Ra3+ 54. Kf4 Kf6 55. Rc2 Rd3 56. g4 Rd4 57. g5+ Kg6 58. Rh2 Rd1 59. Rh6+
Kg7 60. Kf5 Rd4 61. Re6 Rd1 62. Re7+ Kf8 63. Rd7 Ke8 64. Ke6 Rd4 65. Re7+ Kf8
66. Rf7+ Kg8 67. Rf4 Kg7 68. Rf7+ Kg6 1/2-1/2

[Event "Cto Aragón Equipos Pref Gr II"]
[Site "Aragon"]
[Date "2015.02.28"]
[Round "6.70"]
[White "Planas Torrea, Alberto"]
[Black "Zalaya Gracia, Alejandro"]
[Result "1-0"]
[WhiteElo "1928"]
[BlackElo "1797"]
[PlyCount "69"]
[EventDate "2015.01.24"]
[WhiteTeam "Ejea"]
[BlackTeam "Tauste B"]

1. e4 d6 2. d4 g6 3. h3 Bg7 4. g4 e6 5. Bg2 Ne7 6. Ne2 c5 7. c3 O-O 8. O-O cxd4
9. cxd4 Nbc6 10. Be3 d5 11. e5 Qb6 12. Qd2 Bd7 13. Nbc3 Na5 14. b3 Rac8 15.
Rfc1 Nac6 16. Na4 Qd8 17. Nc5 b6 18. Nb7 Qc7 19. Nd6 Rb8 20. b4 a6 21. a4 Nc8
22. Nxc8 Rfxc8 23. f4 Qb7 24. f5 exf5 25. gxf5 Bxf5 26. Bxd5 Be6 27. Bg2 Qe7
28. d5 Nxe5 29. dxe6 Qxe6 30. Rxc8+ Rxc8 31. Rc1 Rxc1+ 32. Nxc1 Nc4 33. Qd8+
Bf8 34. Bh6 Qe1+ 35. Bf1 1-0

[Event "Cto Aragón Equipos Pref Gr II"]
[Site "Aragon"]
[Date "2015.02.28"]
[Round "6.71"]
[White "Constin Balesescu, Ion"]
[Black "Marcellan Peire, Jesus Eduardo"]
[Result "0-1"]
[WhiteElo "1767"]
[BlackElo "1912"]
[PlyCount "78"]
[EventDate "2015.01.24"]
[WhiteTeam "Tauste B"]
[BlackTeam "Ejea"]

1. e4 c5 2. Nc3 e6 3. Nf3 a6 4. d4 cxd4 5. Nxd4 Qc7 6. Bd3 Nf6 7. Be3 Bd6 8.
Nf3 Nc6 9. a3 Ng4 10. Qd2 Nxe3 11. Qxe3 Bf4 12. Qe2 b6 13. O-O Bb7 14. g3 Bd6
15. Rad1 Ne5 16. Rfe1 O-O 17. Nxe5 Bxe5 18. Qd2 Rac8 19. Rb1 b5 20. Ne2 Rfd8
21. c3 d5 22. Qc2 g6 23. Rbc1 Qb6 24. Qb1 Rd7 25. Kf1 Rcd8 26. exd5 Bxd5 27.
Be4 Qb7 28. Ng1 Bc4+ 29. Kg2 Qb8 30. Nf3 Bg7 31. h4 Qc7 32. h5 f5 33. Bc2 Qc6
34. Bd1 Bh6 35. hxg6 hxg6 36. Be2 Bxe2 37. Rxe2 Rd3 38. Re3 Bxe3 39. fxe3 Rd2+
0-1

[Event "Cto Aragón Ajedrez Equipos DH Gr I"]
[Site "Aragon"]
[Date "2015.03.07"]
[Round "7.1"]
[White "Ferreruela Romero, Jose Joaqui"]
[Black "Forcen Esteban, Daniel"]
[Result "0-1"]
[WhiteElo "2002"]
[BlackElo "2526"]
[PlyCount "54"]
[EventDate "2015.01.24"]
[WhiteTeam "San Jose"]
[BlackTeam "Jaime Casas"]

1. d4 Nf6 2. Nf3 g6 3. c3 Bg7 4. Bf4 O-O 5. h3 d6 6. Nbd2 Nfd7 7. e4 e5 8. dxe5
dxe5 9. Bg5 f6 10. Bc4+ Kh8 11. h4 fxg5 12. hxg5 Nc5 13. b4 Ne6 14. Qb3 Nxg5
15. O-O-O Nxf3 16. Nxf3 Qf6 17. Rh4 g5 18. Rh2 Bg4 19. Rdh1 h6 20. Nd2 Qxf2 21.
Be6 Qg3 22. Bf5 Rf6 23. Qd5 Qxc3+ 24. Kb1 Qxb4+ 25. Nb3 Bxf5 26. Qd8+ Qf8 27.
Rxh6+ Rxh6 0-1

[Event "Cto Aragón Ajedrez Equipos DH Gr I"]
[Site "Aragon"]
[Date "2015.03.07"]
[Round "7.2"]
[White "Antoli Royo, Joaquin Miguel"]
[Black "Baldellou Vicente, Roberto"]
[Result "1-0"]
[WhiteElo "2437"]
[BlackElo "1989"]
[PlyCount "71"]
[EventDate "2015.01.24"]
[WhiteTeam "Jaime Casas"]
[BlackTeam "San Jose"]

1. e4 e6 2. d4 d5 3. Nd2 dxe4 4. Nxe4 Bd7 5. Nf3 Bc6 6. Ned2 Nd7 7. Nc4 Ngf6 8.
Be2 Be7 9. O-O O-O 10. c3 Be4 11. Nfd2 Bg6 12. b4 Ne4 13. Nxe4 Bxe4 14. Nd2 Bg6
15. Bf3 c6 16. Nc4 Nb6 17. Ne5 Bd6 18. Nxg6 hxg6 19. Qb3 Qc7 20. g3 Nd5 21. c4
Ne7 22. c5 Nf5 23. cxd6 Qxd6 24. Bb2 Nxd4 25. Bxd4 Qxd4 26. Rfd1 Qe5 27. Rac1
Rfd8 28. Kg2 g5 29. a4 Qf5 30. Rxd8+ Rxd8 31. Rd1 Re8 32. Qc4 e5 33. Be4 Qc8
34. b5 cxb5 35. Qxc8 Rxc8 36. axb5 1-0

[Event "Cto Aragón Ajedrez Equipos DH Gr I"]
[Site "Aragon"]
[Date "2015.03.07"]
[Round "7.3"]
[White "Palomar Ramon, Santiago"]
[Black "Garza Marco, Sergio"]
[Result "0-1"]
[WhiteElo "1949"]
[BlackElo "2415"]
[PlyCount "78"]
[EventDate "2015.01.24"]
[WhiteTeam "San Jose"]
[BlackTeam "Jaime Casas"]

1. e4 g6 2. d4 Bg7 3. Nc3 d6 4. Nf3 Nf6 5. h3 O-O 6. Be3 c6 7. a4 d5 8. e5 Ne4
9. Nxe4 dxe4 10. Ng5 c5 11. Nxe4 cxd4 12. Bxd4 Nc6 13. Bc3 Bf5 14. Nc5 Qc7 15.
Bd3 Bxe5 16. O-O Bxc3 17. bxc3 Na5 18. Ne4 Bxe4 19. Bxe4 Qxc3 20. Qc1 Rad8 21.
Ra3 Qb4 22. Bd3 Rd7 23. Qa1 Rc8 24. Rb1 Qd4 25. Qa2 Rd6 26. Re1 e6 27. Re4 Qf6
28. Qb1 Rb6 29. Rb4 Rxb4 30. Qxb4 b6 31. Qe1 Rc5 32. Be4 Rc4 33. Rf3 Qd4 34.
Bd3 Rxa4 35. Kh2 Nc6 36. g3 Ra1 37. Qe2 Qb2 38. Rf4 Qc1 39. h4 Qh1# 0-1

[Event "Cto Aragón Ajedrez Equipos DH Gr I"]
[Site "Aragon"]
[Date "2015.03.07"]
[Round "7.4"]
[White "Ramiro Ovejero, Juan Luis"]
[Black "Rubio Tello, Abel"]
[Result "1-0"]
[WhiteElo "2350"]
[BlackElo "1860"]
[PlyCount "61"]
[EventDate "2015.01.24"]
[WhiteTeam "Jaime Casas"]
[BlackTeam "San Jose"]

1. e4 e6 2. d4 d5 3. Nd2 Nc6 4. Ngf3 Nf6 5. e5 Nd7 6. Bd3 f6 7. O-O fxe5 8.
Nxe5 Ndxe5 9. dxe5 g6 10. f4 Bc5+ 11. Kh1 Qe7 12. c3 Bd7 13. b4 Bb6 14. a4 a6
15. Ba3 Qg7 16. Nf3 Ne7 17. b5 axb5 18. axb5 O-O 19. Nd4 Rf7 20. Bxe7 Rxa1 21.
Qxa1 Rxe7 22. Qa8+ Re8 23. Qxb7 Bc8 24. Qa8 Bd7 25. Qa1 Qf8 26. Qc1 Ra8 27. f5
gxf5 28. g4 Qg7 29. gxf5 Qxe5 30. fxe6 Ra2 31. Qh6 1-0

[Event "Cto Aragón Ajedrez Equipos DH Gr I"]
[Site "Aragon"]
[Date "2015.03.07"]
[Round "7.6"]
[White "Remiro Juste, Fernando Jose"]
[Black "Dominguez Bujeda, Jesus"]
[Result "1/2-1/2"]
[WhiteElo "2232"]
[BlackElo "2135"]
[PlyCount "132"]
[EventDate "2015.01.24"]
[WhiteTeam "Agrupacion"]
[BlackTeam "Teruel"]

1. d4 d5 2. c4 e6 3. cxd5 exd5 4. Nc3 Nf6 5. Bg5 Be7 6. e3 c6 7. Qc2 O-O 8. Bd3
Nbd7 9. Nge2 Re8 10. O-O Nf8 11. f3 Qb6 12. Kh1 h6 13. Na4 Qc7 14. Bf4 Bd6 15.
Nac3 Ne6 16. Bxd6 Qxd6 17. Ng3 Nf8 18. Qf2 Be6 19. h3 Rad8 20. Rad1 a6 21. Bb1
c5 22. Nge2 N8d7 23. f4 Nf8 24. f5 Bc8 25. Nf4 c4 26. Qf3 N8h7 27. h4 b5 28. g3
Bb7 29. Rde1 Bc6 30. g4 b4 31. Nd1 Ne4 32. Bxe4 Rxe4 33. Rg1 Qe7 34. Qg3 Re8
35. g5 hxg5 36. hxg5 Qxg5 37. Qh3 Qe7 38. Rg4 Rxd4 39. Rh4 Rxd1 40. Rxd1 d4+
41. Ng2 Qxe3 42. Qxe3 dxe3 43. Rxc4 e2 44. Re1 Bd5 45. Rd4 Bxa2 46. Nf4 Bb1 47.
Rxe2 Rxe2 48. Nxe2 Bxf5 49. Rxb4 Nf6 50. Ng3 Bd3 51. Rb6 Ne4 52. Nh5 g5 53. Kg2
Be2 54. Ng3 Nxg3 55. Kxg3 Kg7 56. Kf2 Bb5 57. Kf3 f6 58. Ke4 Kg6 59. b3 Bf1 60.
Rd6 Bg2+ 61. Ke3 Bf1 62. Ke4 Be2 63. b4 Bf1 64. Rb6 Bb5 65. Rd6 Bc4 66. Rb6 Kf7
1/2-1/2

[Event "Cto Aragón Ajedrez Equipos DH Gr I"]
[Site "Aragon"]
[Date "2015.03.07"]
[Round "7.7"]
[White "Martin Catalan, Juan Vicente"]
[Black "Mimbela Lopez, Miguel A"]
[Result "1/2-1/2"]
[WhiteElo "2087"]
[BlackElo "2148"]
[PlyCount "112"]
[EventDate "2015.01.24"]
[WhiteTeam "Teruel"]
[BlackTeam "Agrupacion"]

1. d4 e6 2. Nf3 f5 3. c4 Nf6 4. Nc3 d5 5. g3 c6 6. Bg2 Bd6 7. O-O O-O 8. Bf4
Bxf4 9. gxf4 Ne4 10. Qc2 Nd7 11. e3 Rf6 12. Ne5 Rh6 13. Bxe4 fxe4 14. f3 Nxe5
15. dxe5 exf3 16. Rxf3 Bd7 17. c5 Be8 18. Rg3 Bg6 19. Qd2 Qe7 20. Qd4 Rf8 21.
Rf1 Bf5 22. Rf2 Rg6 23. Rfg2 Rxg3 24. Rxg3 Rb8 25. b3 b6 26. Na4 Qb7 27. Nc3
Qe7 28. Na4 Be4 29. h3 Qb7 30. Nc3 Bg6 31. Kh2 Qa6 32. Rg2 Qa5 33. Na4 b5 34.
Nc3 b4 35. Na4 Qb5 36. Qd1 Be4 37. Rg1 Rf8 38. Qf1 Bd3 39. Qg2 Qb7 40. Qd2 Be4
41. Nb2 a5 42. Nd3 Qb5 43. Nf2 Bg6 44. Rc1 Ra8 45. Kg3 a4 46. bxa4 Rxa4 47. e4
Ra3+ 48. Kg2 Qa5 49. Rc2 dxe4 50. Qd6 Bf5 51. Qb8+ Kf7 52. Qb7+ Kg6 53. Qxc6
Rxa2 54. Qe8+ Kh6 55. Qe7 g6 56. Qg5+ Kg7 1/2-1/2

[Event "Cto Aragón Ajedrez Equipos DH Gr I"]
[Site "Aragon"]
[Date "2015.03.07"]
[Round "7.8"]
[White "Martinez Asensio, Juan Miguel"]
[Black "Barcena Laguia, Francisco"]
[Result "0-1"]
[WhiteElo "2069"]
[BlackElo "1921"]
[PlyCount "88"]
[EventDate "2015.01.24"]
[WhiteTeam "Agrupacion"]
[BlackTeam "Teruel"]

1. e4 c5 2. Nc3 Nc6 3. g3 g6 4. Bg2 Bg7 5. d3 d6 6. Be3 e5 7. Qd2 Nge7 8. Nge2
O-O 9. O-O f5 10. exf5 Nxf5 11. Bg5 Bf6 12. h4 Nfd4 13. Nxd4 Nxd4 14. Nd5 Bxg5
15. hxg5 Bh3 16. f4 Bxg2 17. Qxg2 Nf5 18. g4 Nd4 19. Nf6+ Rxf6 20. gxf6 Qxf6
21. fxe5 Qxe5 22. Rae1 Qg5 23. c3 Nc6 24. Re2 Rf8 25. Rxf8+ Kxf8 26. Qf3+ Kg7
27. Rf2 Qe7 28. Qf4 Nd8 29. d4 Nf7 30. dxc5 dxc5 31. Kg2 b6 32. Qf3 Ng5 33. Qd5
h6 34. Rd2 Nf7 35. Rf2 Ng5 36. Qc6 Nf7 37. Rd2 Qg5 38. Qd7 h5 39. Rd5 Qf4 40.
gxh5 gxh5 41. Rf5 Qg4+ 42. Kf2 Qg6 43. Rf3 h4 44. Rf4 Qg3+ 0-1

[Event "Cto Aragón Ajedrez Equipos DH Gr I"]
[Site "Aragon"]
[Date "2015.03.07"]
[Round "7.9"]
[White "Gracia Campo, Carlos Alberto"]
[Black "Llanes Luno, Ricardo"]
[Result "0-1"]
[WhiteElo "2076"]
[BlackElo "2176"]
[PlyCount "44"]
[EventDate "2015.01.24"]
[WhiteTeam "El Olivar B"]
[BlackTeam "Delicias"]

1. e4 c5 2. Nf3 e6 3. d4 cxd4 4. Nxd4 a6 5. Bd3 Nc6 6. Nf3 Nf6 7. O-O Qc7 8.
Nc3 Bc5 9. h3 h5 10. Ne2 Ng4 11. hxg4 hxg4 12. Bf4 e5 13. Nxe5 Nxe5 14. Nc3 Qd8
15. Bg3 Qg5 16. Re1 d6 17. Nd5 Nf3+ 18. gxf3 Qh5 19. Kf1 gxf3 20. Nc7+ Kf8 21.
Bh2 Qh3+ 22. Kg1 Qg2# 0-1

[Event "Cto Aragón Ajedrez Equipos DH Gr I"]
[Site "Aragon"]
[Date "2015.03.07"]
[Round "7.10"]
[White "Roche Simon, Manuel Angel"]
[Black "Veras Sanz, Marino"]
[Result "1-0"]
[WhiteElo "2144"]
[BlackElo "2057"]
[PlyCount "95"]
[EventDate "2015.01.24"]
[WhiteTeam "Delicias"]
[BlackTeam "El Olivar B"]

1. e4 c5 2. Nf3 d6 3. d4 cxd4 4. Nxd4 Nf6 5. Nc3 g6 6. Be3 Bg7 7. Qd2 Nc6 8. f3
O-O 9. g4 Bxg4 10. fxg4 Nxg4 11. Bg1 e6 12. Nf3 Nce5 13. Be2 Nxf3+ 14. Bxf3
Qh4+ 15. Ke2 Ne5 16. Rf1 Bh6 17. Qe1 Qe7 18. h4 f5 19. h5 g5 20. exf5 Nxf3 21.
Rxf3 g4 22. Rd3 exf5+ 23. Kd1 Qg5 24. Qe6+ Rf7 25. Be3 f4 26. Bd2 g3 27. Ne4 g2
28. Rg1 Qxh5+ 29. Kc1 Qh1 30. Qg4+ Rg7 31. Qd1 Qh4 32. Rxd6 Rf8 33. Kb1 f3 34.
Bxh6 Qxe4 35. Bxg7 Kxg7 36. Rd7+ Rf7 37. Rxf7+ Kxf7 38. Qd7+ Kf6 39. Qd6+ Kf5
40. Rd1 f2 $4 41. Qf8+ Kg4 42. Qxf2 Kh3 43. Qg1 h5 44. Rd3+ Qxd3 45. cxd3 Kg3
46. Qe3+ Kg4 47. Qf2 Kh3 48. Qf3+ 1-0

[Event "Cto Aragón Ajedrez Equipos DH Gr I"]
[Site "Aragon"]
[Date "2015.03.07"]
[Round "7.11"]
[White "Bailo Remacha, Santiago"]
[Black "Naya Sancho, Jose Ignacio"]
[Result "1-0"]
[WhiteElo "2036"]
[BlackElo "2126"]
[PlyCount "115"]
[EventDate "2015.01.24"]
[WhiteTeam "El Olivar B"]
[BlackTeam "Delicias"]

1. d4 d5 2. Nf3 Bf5 3. g3 e6 4. Bg2 Nf6 5. O-O Be7 6. Nbd2 O-O 7. c4 c6 8. Qb3
Qb6 9. c5 Qxb3 10. axb3 Nbd7 11. b4 a6 12. Nb3 Rfe8 13. Na5 Ra7 14. Bf4 Be4 15.
Bc7 Bd8 16. Bd6 Bxf3 17. Bxf3 e5 18. dxe5 Nxe5 19. Bb8 Nxf3+ 20. exf3 Ra8 21.
Bd6 Bxa5 22. bxa5 Re2 23. Rab1 Rae8 24. Rfc1 Rd2 25. Bf4 Rd4 26. Re1 Re6 27.
Be5 Rc4 28. b4 Nd7 29. f4 f6 30. Bd6 Rce4 31. Kf1 Kf7 32. Rxe4 Rxe4 33. f3 Re6
34. Kf2 f5 35. h3 h5 36. h4 Nf8 37. Rd1 Ng6 38. Rd4 Nh8 39. Rd3 Ng6 40. Rd4 Nh8
41. g4 hxg4 42. fxg4 fxg4 43. f5 Rf6 44. Rf4 Kg8 45. Be5 Rf8 46. Bd6 Rf7 47.
Kg3 Kh7 48. Kxg4 g6 49. f6 Rd7 50. Rf2 Nf7 51. Re2 Nxd6 52. cxd6 Rxd6 53. Kg5
d4 54. Re7+ Kg8 55. Kxg6 Rd8 56. Rg7+ Kh8 57. Rh7+ Kg8 58. f7+ 1-0

[Event "Cto Aragón Ajedrez Equipos DH Gr I"]
[Site "Aragon"]
[Date "2015.03.07"]
[Round "7.12"]
[White "Neila Castillo, Miguel Angel"]
[Black "Bayod Rubia, Angel"]
[Result "0-1"]
[WhiteElo "2116"]
[BlackElo "2010"]
[PlyCount "96"]
[EventDate "2015.01.24"]
[WhiteTeam "Delicias"]
[BlackTeam "El Olivar B"]

1. d4 Nf6 2. c4 c5 3. d5 e5 4. Nc3 d6 5. e4 Be7 6. h3 Nbd7 7. Be2 Nf8 8. f4
exf4 9. Bxf4 Ng6 10. Bh2 O-O 11. Nf3 Ne8 12. O-O Bf6 13. Qc2 Nh4 14. Nxh4 Bd4+
15. Kh1 Qxh4 16. Nb5 Be5 17. Bxe5 dxe5 18. Bf3 a6 19. Nc3 b6 20. Qf2 Qxf2 21.
Rxf2 Nd6 22. Be2 Bd7 23. a4 f6 24. g4 Rfb8 25. Kg2 Ra7 26. b3 Rab7 27. Bf1 Be8
28. Rc2 Bg6 29. Bd3 h5 30. Kg3 hxg4 31. hxg4 Be8 32. Kf3 Bd7 33. Rca2 Kf7 34.
Rh1 Kg6 35. Ke3 Rc7 36. Rf2 Rcc8 37. Rfh2 b5 38. axb5 axb5 39. Be2 bxc4 40. g5
fxg5 41. bxc4 Rb3 42. Kd3 Nxe4 43. Bh5+ Kf6 44. Kxe4 Bf5+ 45. Ke3 Rxc3+ 46. Kd2
Rxc4 47. Rf2 Rc2+ 48. Ke3 Rxf2 0-1

[Event "Cto Aragón Ajedrez Equipos DH Gr I"]
[Site "Aragon"]
[Date "2015.03.07"]
[Round "7.13"]
[White "Moreno Gracia, Daniel"]
[Black "Salamero Pelay, Fernando"]
[Result "1/2-1/2"]
[WhiteElo "2341"]
[BlackElo "2164"]
[PlyCount "117"]
[EventDate "2015.01.24"]
[WhiteTeam "St. Casablanca B"]
[BlackTeam "Club atletismo Huesca"]

1. c4 Nc6 2. Nc3 e5 3. g3 Nf6 4. Bg2 Bc5 5. a3 a6 6. e3 d6 7. Nge2 O-O 8. d4
exd4 9. exd4 Ba7 10. O-O h6 11. b4 Bg4 12. h3 Bxe2 13. Nxe2 d5 14. c5 Ne7 15.
a4 c6 16. Qd3 Qd7 17. Rb1 Qf5 18. Qxf5 Nxf5 19. b5 Rae8 20. Bf3 Rxe2 21. Bxe2
Nxd4 22. Bd3 axb5 23. axb5 Bxc5 24. Kg2 Re8 25. Bb2 Nd7 26. bxc6 bxc6 27. Rfe1
Ne6 28. f4 Ra8 29. Ra1 Rb8 30. Re2 Bd4 31. Bxd4 Nxd4 32. Rea2 g6 33. Ra8 Rxa8
34. Rxa8+ Kg7 35. Kf2 Kf6 36. Rc8 c5 37. g4 Ne6 38. Kg3 c4 39. Bb1 Nec5 40. f5
Ke5 41. fxg6 fxg6 42. Bxg6 Kd4 43. h4 Ne5 44. Bb1 Ne4+ 45. Kf4 Ng6+ 46. Kf5
Nxh4+ 47. Ke6 Nc3 48. Bh7 Nf3 49. Kf6 Ne5 50. g5 hxg5 51. Kxg5 Ne4+ 52. Kf4 Nf2
53. Bg8 Nh3+ 54. Kg3 Ng5 55. Rd8 Ne4+ 56. Kg2 Nf6 57. Bxd5 Nxd5 58. Rc8 c3 59.
Rxc3 1/2-1/2

[Event "Cto Aragón Ajedrez Equipos DH Gr I"]
[Site "Aragon"]
[Date "2015.03.07"]
[Round "7.14"]
[White "Luis Vitalla, Fernando"]
[Black "Gimenez Martinez, Alberto"]
[Result "1/2-1/2"]
[WhiteElo "2143"]
[BlackElo "2158"]
[PlyCount "82"]
[EventDate "2015.01.24"]
[WhiteTeam "Club atletismo Huesca"]
[BlackTeam "St. Casablanca B"]

1. d4 d5 2. c4 e6 3. Nc3 Nf6 4. Nf3 Be7 5. Bf4 c6 6. e3 Nbd7 7. Qc2 O-O 8. h3
b6 9. cxd5 exd5 10. Be2 Bb7 11. O-O Rc8 12. Rfd1 Re8 13. Ne5 Nf8 14. Bf3 Ng6
15. Bg3 Bd6 16. Nxg6 Bxg3 17. Nf4 Bxf4 18. exf4 Qd6 19. g3 Re7 20. a3 Rce8 21.
Ne2 Bc8 22. Kg2 Ne4 23. Rac1 Bb7 24. Ng1 Rc7 25. Re1 f5 26. Be2 Qf6 27. Nf3 c5
28. Qa4 Ra8 29. Ba6 Bc6 30. Bb5 Rac8 31. Bxc6 Qxc6 32. Qxc6 Rxc6 33. Rc2 c4 34.
Ne5 R6c7 35. a4 a6 36. Ra1 g6 37. f3 Nd6 38. Kf2 Nb7 39. g4 fxg4 40. fxg4 Na5
41. Ke3 Kg7 1/2-1/2

[Event "Cto Aragón Ajedrez Equipos DH Gr I"]
[Site "Aragon"]
[Date "2015.03.07"]
[Round "7.15"]
[White "Cortes Lizano, Jesus"]
[Black "Laplaza Ara, Carlos"]
[Result "1/2-1/2"]
[WhiteElo "2128"]
[BlackElo "1954"]
[PlyCount "64"]
[EventDate "2015.01.24"]
[WhiteTeam "St. Casablanca B"]
[BlackTeam "Club atletismo Huesca"]

1. c4 Nf6 2. Nf3 d5 3. cxd5 Nxd5 4. g3 c5 5. Bg2 Nc6 6. O-O e5 7. d3 Be7 8. Qb3
Nb6 9. Nbd2 Be6 10. Qd1 O-O 11. b3 Qd7 12. Ne4 f6 13. Ba3 Nb4 14. Qd2 N6d5 15.
Rfc1 Rac8 16. Bb2 b6 17. Nc3 Nc6 18. h4 Nd4 19. Nxd4 exd4 20. Nxd5 Bxd5 21. Qf4
Bxg2 22. Kxg2 Rfe8 23. Rc2 Qd5+ 24. Qf3 Rcd8 25. Rac1 Qxf3+ 26. Kxf3 Rd5 27.
Rb1 Bd6 28. Bc1 Kf7 29. Rbb2 Rf5+ 30. Kg2 Rd5 31. Rc4 a5 32. Rcc2 Rf5 1/2-1/2

[Event "Cto Aragón Ajedrez Equipos DH Gr I"]
[Site "Aragon"]
[Date "2015.03.07"]
[Round "7.16"]
[White "Gomez Zazurca, Rodolfo"]
[Black "Solanas Godes, Beatriz"]
[Result "1-0"]
[WhiteElo "1710"]
[BlackElo "1863"]
[PlyCount "115"]
[EventDate "2015.01.24"]
[WhiteTeam "Club atletismo Huesca"]
[BlackTeam "St. Casablanca B"]

1. e4 e5 2. Bc4 Nf6 3. Qe2 Nc6 4. Nf3 Bc5 5. O-O O-O 6. c3 Re8 7. Bxf7+ Kxf7 8.
Qc4+ Kf8 9. Qxc5+ Qe7 10. Qc4 d6 11. d4 exd4 12. cxd4 Qxe4 13. Nc3 Qg6 14. d5
Ne5 15. Nxe5 Rxe5 16. Qxc7 Ne8 17. Qc4 Bh3 18. Qf4+ Nf6 19. Qg3 Qxg3 20. fxg3
Bd7 21. Bf4 Ree8 22. Bxd6+ Kg8 23. Rae1 Rxe1 24. Rxe1 Re8 25. Be7 Kf7 26. d6
Ng8 27. Nd5 Bc6 28. Nc7 Rc8 29. Ne6 Nxe7 30. dxe7 Kxe7 31. Nxg7+ Kf7 32. Nf5
Rd8 33. Kf2 Rd2+ 34. Re2 Rxe2+ 35. Kxe2 Bxg2 36. Ke3 Kf6 37. Kf4 Bd5 38. a3 Bc6
39. g4 Bd7 40. h4 a5 41. Nd6 b5 42. Ne4+ Kg7 43. g5 b4 44. axb4 axb4 45. h5 b3
46. Nc5 Be8 47. h6+ Kg6 48. Nxb3 Kf7 49. Ke5 Kg6 50. Kf4 Kf7 51. Nd4 Ke7 52. b4
Kd6 53. Kf5 Kd5 54. Ne6 Bd7 55. g6 Bxe6+ 56. Kf6 Bg8 57. Kg7 hxg6 58. Kxg8 1-0

[Event "Cto Aragón Equipos DH Gr II"]
[Site "Aragon"]
[Date "2015.03.07"]
[Round "7.17"]
[White "Fernandez Rubio, Rafael"]
[Black "Gavin Roche, Enrique"]
[Result "0-1"]
[WhiteElo "2114"]
[BlackElo "2264"]
[PlyCount "56"]
[EventDate "2015.01.24"]
[WhiteTeam "Tauste"]
[BlackTeam "ONCE Aragon"]

1. e4 e6 2. d4 d5 3. Bd3 c5 4. dxc5 dxe4 5. Bb5+ Bd7 6. Nc3 Nf6 7. Qe2 Bxc5 8.
Bg5 Bb4 9. Nh3 Qa5 10. O-O Bxc3 11. Bxd7+ Nbxd7 12. bxc3 O-O 13. f3 e3 14. Rab1
b6 15. g4 Nd5 16. Rbe1 Nxc3 17. Qxe3 Qc5 18. Qxc5 Nxc5 19. Bd2 N5a4 20. Re3
Rac8 21. Bxc3 Nxc3 22. Nf4 Rfd8 23. Rd3 Rxd3 24. cxd3 Nxa2 25. Rf2 Nb4 26. d4
Rc1+ 27. Kg2 Rc2 28. Rxc2 Nxc2 0-1

[Event "Cto Aragón Equipos DH Gr II"]
[Site "Aragon"]
[Date "2015.03.07"]
[Round "7.18"]
[White "Laliena Solanes, Luis"]
[Black "Sierra Aguerri, Joaquin"]
[Result "1-0"]
[WhiteElo "2150"]
[BlackElo "2053"]
[PlyCount "65"]
[EventDate "2015.01.24"]
[WhiteTeam "ONCE Aragon"]
[BlackTeam "Tauste"]

1. e4 d5 2. exd5 Qxd5 3. Nc3 Qd6 4. d4 Nf6 5. Bd3 a6 6. Nge2 b5 7. Bf4 Qb6 8.
a4 b4 9. Ne4 Bb7 10. a5 Qc6 11. f3 Nbd7 12. c4 bxc3 13. N2xc3 Nd5 14. Nxd5 Qxd5
15. Qa4 Bc6 16. Bc4 Qxe4+ 17. fxe4 Bxa4 18. Rxa4 e5 19. Bxe5 Nxe5 20. dxe5 Bc5
21. Rf1 Rf8 22. b4 Bd4 23. b5 Bc3+ 24. Ke2 axb5 25. Bxb5+ Ke7 26. a6 Bxe5 27.
a7 c5 28. Bc6 f6 29. Rd1 Bd4 30. Rb1 Be5 31. Rb7+ Kd6 32. Bd5 f5 33. Ra6# 1-0

[Event "Cto Aragón Equipos DH Gr II"]
[Site "Aragon"]
[Date "2015.03.07"]
[Round "7.20"]
[White "Latorre Abad, Fernando"]
[Black "Sancho Casale, Jesus"]
[Result "1/2-1/2"]
[WhiteElo "2054"]
[BlackElo "1980"]
[PlyCount "75"]
[EventDate "2015.01.24"]
[WhiteTeam "ONCE Aragon"]
[BlackTeam "Tauste"]

1. e4 e5 2. Bc4 Nf6 3. d3 c6 4. Nf3 d5 5. Bb3 Bb4+ 6. c3 Bd6 7. Bg5 Be6 8. Nbd2
Nbd7 9. Qe2 h6 10. Bh4 g5 11. Bg3 Nh5 12. O-O-O Nxg3 13. hxg3 g4 14. Nh4 Nc5
15. Kb1 Nxb3 16. Nxb3 Qg5 17. Qe3 Qxe3 18. fxe3 O-O-O 19. Nf5 dxe4 20. dxe4
Bxb3 21. axb3 Bf8 22. Kc2 Rd7 23. b4 h5 24. Ra1 b6 25. Rhd1 Rxd1 26. Rxd1 f6
27. Ra1 Rh7 28. Rd1 Kc7 29. Rh1 a6 30. Ra1 Kb7 31. Rd1 c5 32. Rd8 Bh6 33. bxc5
bxc5 34. Rd5 Bf8 35. Kb3 Kc6 36. Kc4 Rb7 37. Rd8 Be7 38. Re8 1/2-1/2

[Event "Cto Aragón Equipos DH Gr II"]
[Site "Aragon"]
[Date "2015.03.07"]
[Round "7.21"]
[White "Adla, Diego"]
[Black "Del Rey, Diego"]
[Result "0-1"]
[WhiteElo "2469"]
[BlackElo "2390"]
[PlyCount "90"]
[EventDate "2015.01.24"]
[WhiteTeam "St. Casablanca"]
[BlackTeam "El Olivar"]

1. c4 e5 2. g3 Nf6 3. Bg2 c6 4. d4 e4 5. Nc3 d5 6. Bg5 Nbd7 7. cxd5 cxd5 8. f3
Bb4 9. Nh3 h6 10. Bxf6 Bxc3+ 11. bxc3 Nxf6 12. fxe4 dxe4 13. Nf2 Qe7 14. Qc2
Bf5 15. g4 Bg6 16. Qa4+ Kf8 17. O-O Nd5 18. Nd1 h5 19. g5 h4 20. c4 Nb6 21. Qb3
h3 22. Bxh3 Qxg5+ 23. Bg2 Rd8 24. c5 Nd5 25. Qg3 Rh5 26. Qxg5 Rxg5 27. Rb1 Rd7
28. Kh1 Ke7 29. Rb3 f5 30. Nb2 Bf7 31. Ra3 b6 32. cxb6 axb6 33. Nc4 Rc7 34. Ne5
Be6 35. h4 Rh5 36. Kg1 Kd6 37. Bh3 Rc3 38. Rxc3 Nxc3 39. e3 Nxa2 40. Kh2 Nb4
41. Rg1 Rxh4 42. Rg6 Kd5 43. Kg3 Rh6 44. Bf1 Rxg6+ 45. Nxg6 Nd3 0-1

[Event "Cto Aragón Equipos DH Gr II"]
[Site "Aragon"]
[Date "2015.03.07"]
[Round "7.22"]
[White "Chueca Forcen, Alberto"]
[Black "Glavina, Pablo"]
[Result "1-0"]
[WhiteElo "2305"]
[BlackElo "2418"]
[PlyCount "73"]
[EventDate "2015.01.24"]
[WhiteTeam "El Olivar"]
[BlackTeam "St. Casablanca"]

1. d4 d5 2. Bf4 Nf6 3. e3 c6 4. Bd3 g6 5. c3 Bg7 6. Nf3 O-O 7. O-O Nbd7 8. Nbd2
a5 9. h3 a4 10. Qe2 Re8 11. Rfd1 Nh5 12. Bg5 h6 13. Bh4 g5 14. Ne5 Bxe5 15.
dxe5 Ng7 16. Bg3 f5 17. exf6 exf6 18. Nf3 Qe7 19. c4 Nc5 20. cxd5 cxd5 21. Rac1
b6 22. Bb5 Rf8 23. Bc6 Bb7 24. Bxd5+ Bxd5 25. Rxd5 Rfd8 26. Qc4 Kh8 27. Rcd1
Rxd5 28. Qxd5 Rc8 29. Bd6 Qe6 30. Bxc5 Rxc5 31. Qa8+ Kh7 32. Qxa4 f5 33. Rd7 g4
34. Qd4 Qg6 35. Ne5 Qg5 36. Nd3 Rc6 37. h4 1-0